18 Mars 2025 | Biodiversité - Statistiques

Statistiques générales
  • Ce quiz a été pris 38 fois
  • Le résultat moyen est 3 sur 15
Statistiques - réponses
Question Réponse % Correct
Quel terme désigne la disparition d'une espèce ? Extinction
72%
Quel animal est connu pour son rôle essentiel dans le pollinisation ? Abeille
66%
Quel terme désigne la variété des espèces dans un écosystème ? Biodiversité
62%
Quel type d'habitat est associé aux récifs coralliens ? Milieu Marin
52%
Quelle activité humaine contribue le plus à la perte de biodiversité ? Déforestation
34%
Quel mouvement vise à protéger et restaurer les habitats naturels ? Conservation
10%
Quel animal est le symbole de la conservation des espèces menacées ? Panda Géant
10%
Qu'est-ce qu'une espèce endémique ? Espèce propre à un lieu spécial
7%
Quelle espèce est connue pour sa capacité à s'adapter à différents environnements ? Rat
3%
Quel animal est souvent considéré comme un indicateur de la santé environnementale ? Amphibiens
0%
Quelle convention internationale vise à protéger la biodiversité ? Convention sur la diversité Biologique
0%
Quel est le plus grand réservoir de biodiversité terrestre ? Forêt Tropicale
0%
Quelles sont les zones géographiques où se concentre une grande diversité d’espèces ? Hotspots de Biodiversité
0%
Quel groupe d'animaux est menacé par la pollution des océans ? Tortues Marines
0%
Quel est le nom de l'interface entre les écosystèmes terrestres et aquatiques ? Zones Humides
0%
Aucun quiz correspondant
Distribution des résultats
% des personnes avec chaque résultat
Percentile par nombre de réponses
Votre historique - résultats
Vous n’avez pas pris ce quiz